[Event "Hoogeveen op 24th"]
[Site "Hoogeveen"]
[Date "2021.10.15"]
[Round "1"]
[White "Binnendijk, Ferdinand"]
[Black "Spaans, Leo"]
[Result "1-0"]
[WhiteElo "2142"]
[BlackElo "1794"]
[PlyCount "37"]
[EventDate "2021.10.15"]
[EventType "swiss"]
[EventRounds "9"]
[EventCountry "NED"]
[SourceTitle "CBM 204 Extra"]
[Source "ChessBase"]
[SourceDate "2021.11.30"]
[SourceVersion "1"]
[SourceVersionDate "2021.11.30"]
[SourceQuality "1"]

1. d4 Nf6 2. c4 g6 3. Nc3 Bg7 4. e4 d6 5. f3 0-0 6. Be3 Na6 7. Qd2 e5 8. d5 Ne8 9. Bd3 f5 10. Nge2 f4 11. Bf2 g5 12. h3 h5 13. Bc2 Nf6 14. a3 c5 15. dxc6 bxc6 16. Rd1 Be6 17. Qxd6 Qxd6 18. Rxd6 Bxc4 19. Rxc6 1-0